مكتبة جامعة عجلون الوطنية

فهرس بحث المكتبة

Normal view MARC view
  • ضحايا الحرب (قانون دولي) -- الحرب(قانون دولي) -- حقوق الانسان (قانون دولي)

Entry Topical Term

Number of records used in: 1

001 - CONTROL NUMBER

  • control field: 42706

003 - CONTROL NUMBER IDENTIFIER

  • control field: JO-AjAnu

005 - DATE AND TIME OF LATEST TRANSACTION

  • control field: 20230606081102.0

008 - FIXED-LENGTH DATA ELEMENTS

  • fixed length control field: 230606|| aca||aabn | a|a d

040 ## - CATALOGING SOURCE

  • Original cataloging agency: JO-AjAnu
  • Transcribing agency: JO-AjAnu

150 ## - HEADING--TOPICAL TERM

  • Topical term or geographic name entry element: ضحايا الحرب (قانون دولي) -- الحرب(قانون دولي) -- حقوق الانسان (قانون دولي)

670 ## - SOURCE DATA FOUND

  • Source citation: Work cat.: (JO-AjAnu)21874: تأليف الطراونة، محمد ؛ شريف عتلم ، معين قسيس ، مؤلف مشارك, author 42705, القانون الدولى الإنساني : تطبيقاته على الصعيد الوطنى فى الأردن